| 000 | 01743nam a22003017a 4500 | ||
|---|---|---|---|
| 001 | 6055 | ||
| 003 | FISKH | ||
| 005 | 20250303110138.0 | ||
| 008 | 250303b cb ||||| |||| 00| 0 eng d | ||
| 020 | _a9780440461265 | ||
| 040 |
_aFISKH _beng _cFISKH _dFISKH |
||
| 050 | _aPZ7.S5299 N | ||
| 082 | _a 813 | ||
| 100 |
_aSharmat, Weinman Marjorie _d(1928–2019) |
||
| 245 |
_aNate the great / _cby Marjorie Weinman Sharmat ; illustrated by Marc Simont |
||
| 250 | _aThis edition first published in 1977 | ||
| 260 |
_aNew York : _bA Yearling, _c1972. |
||
| 300 |
_a63 pages : _bcolor illustrations ; _c20 cm |
||
| 505 | _aN | ||
| 520 | _aMarjorie Weinman Sharmat was born Marjorie Weinman in Portland, Maine on November 12, 1928. She received a degree in merchandising from Westbrook Junior College in 1948. She briefly worked at a department store, before taking a position in the Circulation Department at the Yale University Library in 1951. She transferred to the circulation staff at the Yale Law Library in 1954. She wrote more than 130 books for children and young adults during her lifetime. Her first children's book, Rex, was published in 1967. Her other books included the Nate the Great series; the Olivia Sharp, Agent for Secrets series written with her husband Mitchell Sharmat; The Kids of the Bus series written with her son Andrew Sharmat; I Saw Him First; and Goodnight Andrew; Goodnight Craig. She died from respiratory failure on March 12, 2019 at the age of 90. (Bowker Author Biography) | ||
| 521 | 8 |
_a530
_bLexile |
|
| 521 | 8 |
_aN
_bRaz-Plus |
|
| 650 |
_2Mystery _aFiction |
||
| 650 |
_2Beginning reader _aChildren's fiction |
||
| 700 |
_aSimont, Marc _dillustrator |
||
| 942 |
_2ddc _cBK _n0 |
||
| 999 |
_c6055 _d6055 |
||